Catálogo
 En Linea

Roma di fronte all'Europa al tempo di Alessandro VI : (Registro nro. 17593)

Detalles MARC
000 -CABECERA
campo de control de longitud fija 01707cam a22003614a 4500
001 - NÚMERO DE CONTROL
campo de control 000018071
005 - FECHA Y HORA DE LA ÚLTIMA TRANSACCIÓN
campo de control 20200929165336.0
008 - DATOS DE LONGITUD FIJA--INFORMACIÓN GENERAL
campo de control de longitud fija 020916s2001 it b f101 0 ita d
020 ## - NÚMERO INTERNACIONAL ESTÁNDAR DEL LIBRO
Número Internacional Estándar del Libro 8871252144
040 ## - FUENTE DE LA CATALOGACIÓN
Centro catalogador/agencia de origen DO-SdBNP
Lengua de catalogación ita
Centro/agencia transcriptor LC
Centro/agencia modificador BNPHU
050 00 - SIGNATURA TOPOGRÁFICA DE LA BIBLIOTECA DEL CONGRESO
Número de clasificación DG812
Número de documento/Ítem .R75 2001
082 ## - NÚMERO DE LA CLASIFICACIÓN DECIMAL DEWEY
Número de clasificación nn*
Número de documento/Ítem R756
049 ## - FONDOS LOCALES (OCLC)
Fondos de biblioteca BNGR
245 00 - MENCIÓN DE TÍTULO
Título Roma di fronte all'Europa al tempo di Alessandro VI :
Resto del título atti del convegno (Citta del Vaticano-Roma, 1-4 dicembre 1999) /
Mención de responsabilidad, etc. edición M. Chiabo ... [et al.].
246 1# - FORMA VARIANTE DE TÍTULO
Texto de visualización Title on jacket:
Título propio/Titulo breve Alessandro VI Borgia
260 ## - PUBLICACIÓN, DISTRIBUCIÓN, ETC.
Lugar de publicación, distribución, etc. Roma :
Nombre del editor, distribuidor, etc. Ministero per i Beni e le Attivita Culturali, Direzione Generale per gli Archivi :
-- Vendita, Istituto poligrafico e Zecca dello Stato,
Fecha de publicación, distribución, etc. 2001.
300 ## - DESCRIPCIÓN FÍSICA
Extensión v. ;
Dimensiones 24 cm.
490 1# - MENCIÓN DE SERIE
Mención de serie Pubblicazioni Degli Archivi di Stato.
-- Saggi ;
Designación de volumen o secuencia 68
500 ## - NOTA GENERAL
Nota general la biblioteca sólo posee el volumen 1.
546 ## - NOTA DE LENGUA/LENGUAJE
Nota de lengua/lenguaje Italian, French, and Spanish.
500 ## - NOTA GENERAL
Nota general "Comité Nacional de reuniones conducentes a la V centenario del pontificado de Alejandro VI (1492-1503)".
504 ## - NOTA DE BIBLIOGRAFÍA, ETC.
Nota de bibliografía, etc. Incluye referencias bibliográficas e índice.
651 #0 - PUNTO DE ACCESO ADICIONAL DE MATERIA--NOMBRE GEOGRÁFICO
Nombre geográfico Rome (Italy{Rpara}
Subdivisión general History
Subdivisión cronológica 1420-1798
Subdivisión de forma Congresses.
9 (RLIN) 39163
651 #0 - PUNTO DE ACCESO ADICIONAL DE MATERIA--NOMBRE GEOGRÁFICO
Nombre geográfico Papal States
Subdivisión general History
Subdivisión cronológica 1417-1605
Subdivisión de forma Congresses.
9 (RLIN) 39164
600 00 - PUNTO DE ACCESO ADICIONAL DE MATERIA--NOMBRE DE PERSONA
Nombre de persona Alexander
Numeración VI,
Títulos y otros términos asociados al nombre Pope,
Fechas asociadas al nombre 1431-1503
Subdivisión de forma Congresses.
9 (RLIN) 39165
700 1# - PUNTO DE ACCESO ADICIONAL--NOMBRE DE PERSONA
Nombre de persona Chiabò, Maria,
Término indicativo de función/relación ed.
9 (RLIN) 39166
700 1# - PUNTO DE ACCESO ADICIONAL--NOMBRE DE PERSONA
Nombre de persona Maddalo, S.,
Término indicativo de función/relación ed.
9 (RLIN) 39167
700 1# - PUNTO DE ACCESO ADICIONAL--NOMBRE DE PERSONA
Nombre de persona Miglio, M.,
Término indicativo de función/relación ed.
9 (RLIN) 39168
700 1# - PUNTO DE ACCESO ADICIONAL--NOMBRE DE PERSONA
Nombre de persona Oliva, A. M.,
Término indicativo de función/relación ed.
9 (RLIN) 39169
710 1# - PUNTO DE ACCESO ADICIONAL--NOMBRE DE ENTIDAD CORPORATIVA
Nombre de entidad corporativa o nombre de jurisdicción como elemento de entrada Comitato nazionale incontri di studio per il V centenario del pontificato di Alessandro VI (1492-1503).
9 (RLIN) 39170
830 #0 - PUNTO DE ACCESO ADICIONAL DE SERIE-TÍTULO UNIFORME
Título uniforme Pubblicazioni Degli Archivi di Stato.
Nombre de parte o sección de la obra Saggi ;
Designación de volumen o secuencia 68
9 (RLIN) 3896
910 ## - DATOS DE OPCIÓN DEL USUARIO (OCLC)
Datos de opción del usuario Catalogación por copia / LC
Existencias
Estado de retiro Estado de pérdida Restricciones de uso No para préstamo Código de colección Localización permanente Ubicación/localización actual Ubicación en estantería Fecha de adquisición Número de inventario Total de préstamos Signatura topográfica completa Código de barras Fecha visto por última vez Precio válido a partir de Tipo de ítem Koha
    Préstamo interno   Monografías: Libros y Folletos General General En catalogación 13.04.2010 LF1   v.1 18071-10 25.06.2020 25.06.2020 Préstamo interno

Con tecnología Koha